| 000 | 01732nam a2200229Ia 4500 | ||
|---|---|---|---|
| 003 | Ost | ||
| 005 | 20260507075310.0 | ||
| 008 | 260507s9999||||xx |||||||||||||| ||und|| | ||
| 040 | _cfsecg | ||
| 041 | _aara | ||
| 082 | _a330 | ||
| 100 |
_aالصائغ، حنا رزوقي _eمؤلف |
||
| 245 | 0 |
_aمحاسبة و إدارة الأموال العامة : _bالمحاسبة الحكومية / _c حنا رزوقي الصائغ |
|
| 260 |
_aطرابلس: _bالجامعة المفتوحة, _c1998 |
||
| 300 |
_a521 صفحة؛ _c24 سم |
||
| 520 | _aاستعراض للتطور التاريخي لنظم محاسبة الأموال العامة و الدراسات العربية و الدولية الخاصة بها ، محاسبة الاموال العامةأي المحاسبة الحكومية و علاقتها بالمحاسبة التجارية ، النظرية العامة للمحاسبة الحكومية و مقومات تطبيقها و الاسس المحاسبية و تطبيقاتها في محاسبة الاموال العامة، محاسبة الموجودات الثابتة أي الاصول الثابتة و محاسبة الاستهلاكات و الهيكل التنظيمي و الدورة المحاسبية و أقفال الحسابات في النظام المحاسبي الحكومي و أخيرا الخطوط العريضة لبرنامج تطوير النظام المحاسبي الحكومي و الادارة المالية العامة في الاقطار العربية . | ||
| 653 | _aالأموال ــ ادارة | ||
| 653 | _aالمحاسبة | ||
| 653 | _aالمحاسبة الحكومية | ||
| 653 | _aتدقيق الحسابات الحكومية | ||
| 942 | _cكتاب | ||
| 999 |
_c43850 _d43850 |
||